Great* Movie and TV Double Acts: you name the other half.... - Statistics

General Stats
  • This quiz has been taken 43 times
  • The average score is 11 of 15
Answer Stats
Hint Answer % Correct
Bonnie and Clyde
100%
Laurel and Hardy
97%
Thelma and Louise
95%
Starsky and Hutch
92%
Butch Cassidy and The Sundance Kid
92%
Abbott and Costello
87%
Cagney and Lacey
87%
Mork and Mindy
85%
C3P0 and R2D2
85%
Wallace and Gromit
79%
Buzz Lightyear and Woody
79%
Mulder and Scully
77%
Tubbs and Crockett
46%
Morecambe and Wise
28%
Buffy and Spike
13%
No matching quizzes found
Score Distribution
Percent of People with Each Score
Percentile by Number Answered
Your Score History
You have not taken this quiz